Statistics for Sporting CP Scorers in 2010s Champions League

Click here to take the quiz!

General Stats

  • This quiz has been taken 79 times
  • The average score is 6 of 13

Answer Stats

PlayerNationGls% Correct
Islam SlimaniAlgeria2
87%
Bas DostNetherlands3
82%
Bryan RuizCosta Rica1
81%
Bruno FernandesPortugal1
71%
Seydou DoumbiaIvory Coast1
65%
Bruno CésarBrazil4
44%
Adrien SilvaPortugal3
42%
NaniPortugal4
42%
Gelson MartinsPortugal1
35%
Jonathan SilvaArgentina1
26%
Carlos ManéPortugal1
13%
Mouhamadou-Naby SarrFrance1
13%
Jefferson NascimentoBrazil1
5%

Score Distribution

Percentile by Number Answered

Percent of People with Each Score

Your Score History

You have not taken this quiz